| 000 | 02235cam a2200301 i 4500 | ||
|---|---|---|---|
| 003 | SA-RiAUC | ||
| 005 | 20251021083053.0 | ||
| 008 | 251020s1985 su g b 00010 ara c | ||
| 040 |
_aSA-AhKFU _bara _cSA-RiAUC _erda |
||
| 050 | 4 | _b.M87 1985 | |
| 082 | 0 | 4 |
_a252.27 _qSA-RiAUC |
| 090 |
_a252.27 _bم ط ي |
||
| 100 | 1 |
_aالمطيري، فيحان بن شالي بن عتيق، _d1364 هجري- _eمؤلف. |
|
| 245 | 1 | 2 |
_aالإمداد بأحكام الحداد / _cفيحان بن شالي المطيري. |
| 250 | _aالطبعة الأولى. | ||
| 264 | 1 |
_aجدة، السعودية : _bدار المدني للنشر والتوزيع، _c1985 |
|
| 300 |
_a127 صفحة ؛ _c24 سم |
||
| 336 |
_aنص _btxt _2rdacontent _3كتاب |
||
| 337 |
_aبدون وسيط _bn _2rdamedia |
||
| 338 |
_aمجلد _bnc _2rdacarrier |
||
| 504 | _aيشتمل على إرجاعات ببليوجرافية. | ||
| 650 | 7 |
_aالحداد (فقه إسلامي) _2aucsh |
|
| 650 | 7 |
_aالجنائز (فقه إسلامي) _2aucsh |
|
| 856 |
_uhttp://www.saaid.net/book/7/1178.doc _yDigital Copy _2 نرجو الانتباه لإمكانية وجود اختلاف في الطبعة أو الناشر بين البيانات على البوابة وما ستجده على الكتاب نظرا لمحدودية المعلومات المتاحة على الموقع الناشر للمادة. _3Please note that there may be a difference in the edition or publisher between the data on the portal and the book due to the limited information available on the publisher website for the material. |
||
| 856 |
_uhttp://saaid.net/book/open.php?cat=4&book=2078 _yExternal Link _2 نرجو الانتباه لإمكانية وجود اختلاف في الطبعة أو الناشر بين البيانات على البوابة وما ستجده على الكتاب نظرا لمحدودية المعلومات المتاحة على الموقع الناشر للمادة. _3Please note that there may be a difference in the edition or publisher between the data on the portal and the book due to the limited information available on the publisher website for the material. |
||
| 942 |
_2ddc _cBOOK _n0 |
||
| 949 |
_aSA-JeALM _d251020 _umohamedma123 _n1 |
||
| 999 |
_c12682 _d12682 |
||